Lloyd's Law Reports. / (Record no. 6682)

MARC details
000 -LEADER
fixed length control field 00357nam a22001337a 4500
008 - FIXED-LENGTH DATA ELEMENTS--GENERAL INFORMATION
fixed length control field 180817b xxu||||| |||| 00| 0 eng d
020 ## - INTERNATIONAL STANDARD BOOK NUMBER
International Standard Book Number 1843111322
050 ## - LIBRARY OF CONGRESS CALL NUMBER
Classification number KD1815.A2.L57
245 ## - TITLE STATEMENT
Title Lloyd's Law Reports. /
Statement of responsibility, etc. edited by M. M. D'suza
260 ## - PUBLICATION, DISTRIBUTION, ETC.
Place of publication, distribution, etc. London:
Name of publisher, distributor, etc. MFK Group,
Date of publication, distribution, etc. 2001.
300 ## - PHYSICAL DESCRIPTION
Extent v, 810 p.:
Dimensions 28cm
700 ## - ADDED ENTRY--PERSONAL NAME
Personal name D'souza, M. M
942 ## - ADDED ENTRY ELEMENTS (KOHA)
Source of classification or shelving scheme Library of Congress Classification
Koha item type Books
Holdings
Withdrawn status Lost status Source of classification or shelving scheme Damaged status Not for loan Home library Current library Shelving location Date acquired Total Checkouts Full call number Barcode Date last seen Copy number Price effective from Koha item type
    Library of Congress Classification     WISCONSIN INTERNATIONAL UNIVERSITY COLLEGE, GHANA - MAIN LIBRARY WISCONSIN INTERNATIONAL UNIVERSITY COLLEGE, GHANA - MAIN LIBRARY Law Library 17/08/2018   KD1815.A2.L57 (Vol. 2) 1292/281/14 17/08/2018 1 17/08/2018 Books

If you have any concerns or questions; kindly contact the library


© Powered by WIUC ICT DIRECTORATE